000 00343 a2200157 4500
001 179379
020 _a
040 _cMagnum
100 _aPrado, Lucilia Junqueira de Almeida
240 1 0 _aPara os verdes anos
_lpor
245 1 0 _aPara os verdes anos
362 0 _a1899
440 1 _aGlobal
697 _aMAGNITO: IJ/GERAL
942 _cBK
999 _c179379
_d179379